| 000 | 01467cam a2200397 a 4500 | ||
|---|---|---|---|
| 001 | 17233568 | ||
| 003 | OSt | ||
| 005 | 20180116183050.0 | ||
| 008 | 120330s2011 pk b 001 0 eng | ||
| 010 | _a 2011329815 | ||
| 020 | _a9789698486099 | ||
| 025 | _aP-E-2011329815; 26 | ||
| 037 |
_bLibrary of Congress -- Islamabad Overseas Office _cRs 3500.00 |
||
| 040 |
_aDLC _cDLC |
||
| 042 |
_alcode _apcc |
||
| 043 | _aa-pk--- | ||
| 050 | 0 | 0 |
_aHG187.P18 _bF37 2011 |
| 082 | _a187.18 SHA 2011 | ||
| 100 | 1 |
_aFaruqi, Shakil, _d1942- |
|
| 245 | 1 | 0 |
_aFinancial system and economic development, Pakistan Volume ii : Financial Markets / _cShakil Faruqi. |
| 260 |
_aLahore : _bLahore School of Economics, _c2011. |
||
| 300 |
_a2 v. ; _c25 cm. _bHB |
||
| 440 | _aFinancial system and economic development, Pakistan Volume ii : Financial Markets / | ||
| 504 | _aIncludes bibliographical references and indexes. | ||
| 505 | 0 | _av. 1. Banking and financial system -- v. 2. Financial markets. | |
| 650 | 0 |
_aFinance _zPakistan. |
|
| 650 | 0 |
_aBanks and banking _zPakistan. |
|
| 650 | 0 |
_aFinancial institutions _zPakistan. |
|
| 650 | 0 |
_aCapital market _zPakistan. |
|
| 651 | 0 |
_aPakistan _xEconomic conditions _y21st century. |
|
| 651 | 0 |
_aPakistan _xEconomic policy. |
|
| 710 | 2 | _aLahore School of Economics. | |
| 906 |
_a7 _bcbc _corigode _d2 _encip _f20 _gy-gencatlg |
||
| 942 |
_2ddc _cBK |
||
| 999 |
_c351610 _d351610 |
||